3-Border Countries Quiz Stats

 Plays Quiz Updated Jan 23, 2015

Also try: 4-Border Countries
Challenge
Share
Tweet
Embed
Score 0/81 Timer 07:00
0 Plays Today
% Correct
Sweden
96.2%
Sweden
96.2%
Argentina
95.5%
Argentina
95.5%
Russia
94.6%
Russia
94.6%
Russia
94.6%
Brazil
94.6%
Brazil
94.6%
Brazil
94.6%
Brazil
94.6%
China
92.9%
China
92.9%
France
91%
United States of America
90.7%
France
90.7%
Peru
90.3%
South Korea
90.2%
Germany
89.6%
Laos
89.6%
Laos
89.6%
Norway
89.4%
Vietnam
88.1%
Thailand
87.1%
Thailand
87.1%
Finland
86%
Bolivia
85.3%
% Correct
Bolivia
85.3%
Colombia
85.2%
Belgium
84.4%
Saudi Arabia
84.1%
Israel
84%
Serbia
83.9%
Croatia
83.7%
Ethiopia
83.6%
Ethiopia
83.6%
Ethiopia
83.6%
Malaysia
83%
Yemen
82.8%
Suriname
82.1%
Cambodia
82.1%
Guyana
81.9%
Guyana
81.9%
Guatemala
80.8%
Somalia
80.8%
Guatemala
80.8%
Eritrea
80.7%
Venezuela
80.5%
Djibouti
79.6%
Djibouti
79.6%
Kenya
78.5%
United Arab Emirates
78.2%
Belize
77.7%
Sudan
77.2%
% Correct
Nicaragua
76.9%
Ghana
76.5%
El Salvador
76%
Jordan
75.7%
Togo
75%
Indonesia
75%
Egypt
74%
Côte d'Ivoire
73.3%
Côte d'Ivoire
73.3%
Rwanda
72.1%
Montenegro
72.1%
Democratic Republic of the Congo
70.6%
Tanzania
68.3%
Tanzania
68.3%
Benin
65.9%
Cameroon
65.5%
Guinea
64.3%
Sierra Leone
63.7%
Papua New Guinea
63.4%
Brunei
61.9%
Zambia
61.4%
Mozambique
61.1%
Burkina Faso
60.7%
Burkina Faso
60.7%
Republic of the Congo
59.5%
Equatorial Guinea
57.2%
Timor-Leste
56.9%

You're not logged in!

Compare scores with friends on all Sporcle quizzes.
OR
Log In

You Might Also Like...

Show Comments

Extras

Top Quizzes Today


Score Distribution

Your Account Isn't Verified!

In order to create a playlist on Sporcle, you need to verify the email address you used during registration. Go to your Sporcle Settings to finish the process.

Report this User

Report this user for behavior that violates our Community Guidelines.

Details: